000 00368cam a22001097a 4500
008 180718b xxu||||| |||| 00| 0 eng d
082 _aT394x54 A/60
100 _aIndia.Tariff Commission
245 _aReport on the continuance of protection to the sheet glass industry
_cby Tariff Commission
260 _aDelhi
_bMangager of Publications
_c
500 _aLibrary has 1960,1962
999 _c498002
_d498002